Distal tephra layers of the Ciomadul volcano
Elmentve itt :
| Szerző: | |
|---|---|
| Testületi szerző: | |
| Dokumentumtípus: | Cikk |
| Megjelent: |
Department of Mineralogy, Geochemistry and Petrology, University of Szeged
Szeged
2014
|
| Sorozat: | Acta mineralogica-petrographica
8 Acta mineralogica-petrographica : abstract series 8 |
| Kulcsszavak: | Vulkanológia - Csomád-hegység - előadáskivonat, Geokémia - Románia - előadáskivonat, Kőzettan - előadáskivonat |
| Tárgyszavak: | |
| Online Access: | http://acta.bibl.u-szeged.hu/44249 |
| LEADER | 01053nab a2200229 i 4500 | ||
|---|---|---|---|
| 001 | acta44249 | ||
| 005 | 20260212142151.0 | ||
| 008 | 170327s2014 hu o 000 eng d | ||
| 022 | |a 0324-6523, 1589-4835 | ||
| 040 | |a SZTE Egyetemi Kiadványok Repozitórium |b hun | ||
| 041 | |a eng | ||
| 100 | 1 | |a Oross Rebeka | |
| 245 | 1 | 0 | |a Distal tephra layers of the Ciomadul volcano |h [elektronikus dokumentum] / |c Oross Rebeka |
| 260 | |a Department of Mineralogy, Geochemistry and Petrology, University of Szeged |b Szeged |c 2014 | ||
| 300 | |a 102 | ||
| 490 | 0 | |a Acta mineralogica-petrographica |v 8 | |
| 490 | 0 | |a Acta mineralogica-petrographica : abstract series |v 8 | |
| 650 | 4 | |a Természettudományok | |
| 650 | 4 | |a Föld- és kapcsolódó környezettudományok | |
| 695 | |a Vulkanológia - Csomád-hegység - előadáskivonat, Geokémia - Románia - előadáskivonat, Kőzettan - előadáskivonat | ||
| 710 | |a International Students Geological Conference (5.) (2014) (Budapest) | ||
| 856 | 4 | 0 | |u http://acta.bibl.u-szeged.hu/44249/1/mineralogica_as_008_102.pdf |z Dokumentum-elérés |